The town on the Hassayampa : (Record no. 1253)

MARC details
000 -LEADER
fixed length control field 01003cam a2200277 a 4500
005 - DATE AND TIME OF LATEST TRANSACTION
control field 20260322212053.0
008 - FIXED-LENGTH DATA ELEMENTS--GENERAL INFORMATION
fixed length control field data
010 ## - LIBRARY OF CONGRESS CONTROL NUMBER
LC control number 97207665
020 ## - INTERNATIONAL STANDARD BOOK NUMBER
International Standard Book Number 0965737705 :
Terms of availability {dollar}12.95
020 ## - INTERNATIONAL STANDARD BOOK NUMBER
International Standard Book Number 9780965737708 :
Terms of availability {dollar}12.95
040 ## - CATALOGING SOURCE
Original cataloging agency AzT
Transcribing agency AzT
Modifying agency DLC
042 ## - AUTHENTICATION CODE
Authentication code lccopycat
043 ## - GEOGRAPHIC AREA CODE
Geographic area code n-us-az
050 00 - LIBRARY OF CONGRESS CALL NUMBER
Classification number F819.W44
Item number P79 1997
082 00 - DEWEY DECIMAL CLASSIFICATION NUMBER
Classification number 979.1/73
Edition information 21
092 ## - LOCALLY ASSIGNED DEWEY CALL NUMBER (OCLC)
Classification number 979.1 P79 1997
001 - CONTROL NUMBER
control field data
100 1# - MAIN ENTRY--PERSONAL NAME
Personal name Pry, Mark E.
245 14 - TITLE STATEMENT
Title The town on the Hassayampa :
Remainder of title a history of Wickenburg, Arizona /
Statement of responsibility, etc. Mark E. Pry.
260 ## - PUBLICATION, DISTRIBUTION, ETC.
Place of publication, distribution, etc. Wickenburg, Ariz. :
Name of publisher, distributor, etc. Desert Caballeros Western Museum,
Date of publication, distribution, etc. c1997.
300 ## - PHYSICAL DESCRIPTION
Extent x, 157 p. :
Other physical details ill., 1 map ;
Dimensions 23 cm.
504 ## - BIBLIOGRAPHY, ETC. NOTE
Bibliography, etc. note Includes bibliographical references (p. 147-151) and index.
651 #0 - SUBJECT ADDED ENTRY--GEOGRAPHIC NAME
Geographic name Wickenburg (Ariz.)
General subdivision History.
856 42 - ELECTRONIC LOCATION AND ACCESS
Materials specified Publisher description
Uniform Resource Identifier <a href="http://www.loc.gov/catdir/enhancements/fy1113/97207665-d.html">http://www.loc.gov/catdir/enhancements/fy1113/97207665-d.html</a>
856 42 - ELECTRONIC LOCATION AND ACCESS
Materials specified Contributor biographical information
Uniform Resource Identifier <a href="http://www.loc.gov/catdir/enhancements/fy1117/97207665-b.html">http://www.loc.gov/catdir/enhancements/fy1117/97207665-b.html</a>
Holdings
Withdrawn status Lost status Damaged status Not for loan Home library Current library Shelving location Date acquired Total checkouts Full call number Barcode Date last seen Price effective from Koha item type
        Pleasant Valley Pleasant Valley General stacks 22/03/2026   979.1/73 21 BC0011294 22/03/2026 22/03/2026 Books